[Event "Africa-ch U12"]
[Site "Windhoek"]
[Date "2019.12.19"]
[Round "6.8"]
[White "Shane, Kennedy"]
[Black "Thakersee, Akshay"]
[Result "0-1"]
[WhiteElo "1314"]
[BlackElo "1240"]
[PlyCount "73"]
[EventDate "2019.12.16"]
[EventType "swiss"]
[EventRounds "9"]
[EventCountry "NAM"]
[SourceTitle "EXT 2024"]
[Source "ChessBase"]
[SourceDate "2023.10.10"]
[SourceVersion "1"]
[SourceVersionDate "2023.10.10"]
[SourceQuality "1"]

1. e4 c5 2. Nf3 e6 3. d4 cxd4 4. Nxd4 a6 5. Nc3 Qc7 6. Be2 Nf6 7. Be3 Bb4 8. Qd3 d5 9. exd5 Nxd5 10. Bd2 Nc6 11. Nxc6 bxc6 12. 0-0 Bc5 13. Ne4 Bb6 14. c4 f5 15. Ng3 Nf6 16. Bc3 0-0 17. Bf3 Bb7 18. Qe2 Qf7 19. Rad1 Rfd8 20. Rfe1 Rxd1 21. Rxd1 Rd8 22. Rxd8+ Bxd8 23. Qd3 Bc7 24. Ne2 g6 25. Qd4 e5 26. Qa7 e4 27. Bxe4 Nxe4 28. g3 Nxc3 29. Nxc3 Be5 30. Na4 Bc8 31. Qc5 Qe6 32. Nb6 Bxb2 33. a4 Qe1+ 34. Kg2 Qe4+ 35. Kh3 a5 36. Qxa5 Qb1 37. Kg2 0-1

[Event "RSA-ch U10"]
[Site "Gauteng"]
[Date "2017.04.10"]
[Round "10"]
[White "Thakersee, Akshay"]
[Black "Bester, Ethan"]
[Result "0-1"]
[WhiteElo "1056"]
[BlackElo "1047"]
[PlyCount "100"]
[EventDate "2017.04.05"]
[EventType "swiss"]
[EventRounds "11"]
[EventCountry "RSA"]
[SourceTitle "CBM 177 Extra"]
[Source "ChessBase"]
[SourceDate "2017.04.27"]
[SourceVersion "1"]
[SourceVersionDate "2017.04.27"]
[SourceQuality "1"]

1. e4 c5 2. Nf3 d6 3. d4 cxd4 4. Nxd4 Nf6 5. Nc3 g6 6. Be3 Bg7 7. f3 0-0 8. Qd2 Nc6 9. 0-0-0 Bd7 10. h4 h5 11. Be2 Ne5 12. Bh6 Rb8 13. Rdg1 b5 14. Bxg7 Kxg7 15. Qf4 Nc4 16. g4 e5 17. Nf5+ Bxf5 18. Qg3 Be6 19. Nd5 Bxd5 20. exd5 Qb6 21. gxh5 Qe3+ 22. Kb1 Nxh5 23. Qg4 Qd4 24. Qxd4 exd4 25. Rg5 Nf4 26. Bd1 Ne3 27. Kc1 Nxd1 28. Kxd1 Rh8 29. Rh2 Rh5 30. Rg4 Nxd5 31. Rxd4 Ne3+ 32. Ke1 Re8 33. Kf2 Nxc2 34. Rxd6 Ne1 35. Rd1 Rhe5 36. Kg3 Re3 37. Rf2 Nd3 38. Rfd2 Ne5 39. Rf1 f6 40. b3 g5 41. Rg2 g4 42. Rgf2 Rxf3+ 43. Rxf3 Nxf3 44. Rf2 f5 45. Kf4 Kg6 46. h5+ Kxh5 47. Kxf5 Re5+ 48. Kf6 Re3 49. Rc2 g3 50. Rg2 Kg4 0-1

[Event "RSA-ch U10"]
[Site "Gauteng"]
[Date "2017.04.09"]
[Round "8"]
[White "Thakersee, Akshay"]
[Black "Collier, Noah"]
[Result "1-0"]
[WhiteElo "1056"]
[BlackElo "688"]
[PlyCount "35"]
[EventDate "2017.04.05"]
[EventType "swiss"]
[EventRounds "11"]
[EventCountry "RSA"]
[SourceTitle "CBM 177 Extra"]
[Source "ChessBase"]
[SourceDate "2017.04.27"]
[SourceVersion "1"]
[SourceVersionDate "2017.04.27"]
[SourceQuality "1"]

1. e4 c6 2. d4 d5 3. exd5 cxd5 4. Bd3 Nc6 5. c3 Nf6 6. Ne2 Bg4 7. Bg5 e6 8. Nd2 Be7 9. 0-0 0-0 10. f3 Bf5 11. Bxf5 exf5 12. Qc2 Qd7 13. Ng3 f4 14. Bxf4 Bd6 15. Bxd6 Qxd6 16. Nf5 Qe6 17. Rfe1 Nb4 18. cxb4 1-0

[Event "RSA-ch U10"]
[Site "Gauteng"]
[Date "2017.04.07"]
[Round "5"]
[White "Rooplal, Jasveer"]
[Black "Thakersee, Akshay"]
[Result "0-1"]
[WhiteElo "760"]
[BlackElo "1056"]
[PlyCount "48"]
[EventDate "2017.04.05"]
[EventType "swiss"]
[EventRounds "11"]
[EventCountry "RSA"]
[SourceTitle "CBM 177 Extra"]
[Source "ChessBase"]
[SourceDate "2017.04.27"]
[SourceVersion "1"]
[SourceVersionDate "2017.04.27"]
[SourceQuality "1"]

1. e4 c5 2. Nf3 e6 3. Nc3 Nc6 4. Be2 d5 5. exd5 exd5 6. d4 Nf6 7. h3 Be7 8. Bg5 cxd4 9. Nxd4 0-0 10. Bxf6 Bxf6 11. Nf3 d4 12. Na4 Bf5 13. Rb1 Nb4 14. 0-0 Bxc2 15. Qd2 Bxb1 16. Qxb4 Bxa2 17. Qxb7 d3 18. Rd1 Qe8 19. Bxd3 Qxa4 20. Ra1 Qb3 21. Qe4 g6 22. Rf1 Rfe8 23. Qc4 Qxc4 24. Bxc4 Bxc4 0-1

[Event "RSA-ch U10"]
[Site "Bloemfontein"]
[Date "2016.03.23"]
[Round "7"]
[White "Meyer, Ewald"]
[Black "Thakersee, Akshay"]
[Result "1/2-1/2"]
[WhiteElo "1140"]
[BlackElo "1102"]
[PlyCount "65"]
[EventDate "2016.03.20"]
[EventType "swiss"]
[EventRounds "11"]
[EventCountry "RSA"]
[SourceTitle "CBM 171 Extra"]
[Source "ChessBase"]
[SourceDate "2016.04.26"]
[SourceVersion "1"]
[SourceVersionDate "2016.04.26"]
[SourceQuality "1"]

1. e4 c5 2. Bc4 e6 3. Nc3 Nc6 4. Nf3 Qc7 5. d3 Nf6 6. Bd2 Be7 7. Qe2 a6 8. a3 b5 9. Bb3 0-0 10. 0-0-0 Ne5 11. Bf4 Bd6 12. Nxe5 Bxe5 13. Bxe5 Qxe5 14. g3 Bb7 15. f4 Qh5 16. Qxh5 Nxh5 17. Rhf1 Rac8 18. e5 g6 19. Rd2 Rfd8 20. g4 Ng7 21. g5 Nf5 22. Re1 Re8 23. Ne4 Bxe4 24. Rxe4 Nd4 25. Ba2 a5 26. c3 Nf5 27. Kd1 Rc7 28. b3 Rec8 29. a4 b4 30. c4 Nd4 31. Rf2 Rc6 32. h4 Kg7 33. Kd2 1/2-1/2

[Event "RSA-ch U10"]
[Site "Bloemfontein"]
[Date "2016.03.22"]
[Round "5"]
[White "Thakersee, Akshay"]
[Black "Collier, Zachary"]
[Result "1-0"]
[WhiteElo "1102"]
[BlackElo "1017"]
[PlyCount "54"]
[EventDate "2016.03.20"]
[EventType "swiss"]
[EventRounds "11"]
[EventCountry "RSA"]
[SourceTitle "CBM 171 Extra"]
[Source "ChessBase"]
[SourceDate "2016.04.26"]
[SourceVersion "1"]
[SourceVersionDate "2016.04.26"]
[SourceQuality "1"]

1. e4 d6 2. d4 Nf6 3. Nc3 g6 4. f3 Bg7 5. Be3 0-0 6. Qd2 Kh8 7. 0-0-0 Ng8 8. g4 Nd7 9. h4 e5 10. h5 a5 11. hxg6 fxg6 12. Qh2 h6 13. Bg5 Qxg5+ 14. Kb1 exd4 15. Nh3 Qh4 16. Nd5 Rxf3 17. Bg2 Rg3 18. Ndf4 Rxg4 19. Bf3 Rg3 20. Rdg1 Rxf3 21. Nxg6+ Kh7 22. Nxh4 Be5 23. Qg2 Rg3 24. Qf2 Rxg1+ 25. Rxg1 Ndf6 26. Qg2 Bg4 27. Nf2 h5 1-0

[Event "RSA-chT U10"]
[Site "Cape Town"]
[Date "2016.01.06"]
[Round "5.9"]
[White "Beesley, Cameron"]
[Black "Thakersee, Akshay"]
[Result "0-1"]
[WhiteElo "718"]
[BlackElo "1035"]
[PlyCount "46"]
[EventDate "2016.01.04"]
[EventType "team-tourn"]
[EventRounds "7"]
[EventCountry "RSA"]
[SourceTitle "CBM 170 Extra"]
[Source "ChessBase"]
[SourceDate "2016.02.25"]
[SourceVersion "1"]
[SourceVersionDate "2016.02.25"]
[SourceQuality "1"]
[WhiteTeam "Ethekwini"]
[BlackTeam "Western Province"]
[WhiteTeamCountry "RSA"]
[BlackTeamCountry "RSA"]

1. e4 e5 2. Nf3 Nc6 3. Bc4 Bc5 4. d3 h6 5. 0-0 Nf6 6. Re1 0-0 7. Be3 Bb6 8. Bxb6 axb6 9. Nc3 d6 10. a3 Bg4 11. Re3 Nd4 12. Ne2 Nxf3+ 13. gxf3 Bh3 14. f4 Bg4 15. Rg3 exf4 16. Rg2 f3 17. Rxg4 fxe2 18. Qxe2 Nxg4 19. Qxg4 Qg5 20. Qxg5 hxg5 21. Bd5 c6 22. Bb3 Kh7 23. Kh1 f5 0-1

[Event "RSA-ch U08"]
[Site "Waterkloof"]
[Date "2015.04.08"]
[Round "7"]
[White "Du Toit, Petrus"]
[Black "Thakersee, Akshay"]
[Result "0-1"]
[WhiteElo "837"]
[BlackElo "1041"]
[PlyCount "36"]
[EventDate "2015.04.04"]
[EventType "swiss"]
[EventRounds "9"]
[EventCountry "RSA"]
[SourceTitle "CBM 166 Extra"]
[Source "ChessBase"]
[SourceDate "2015.06.18"]
[SourceVersion "1"]
[SourceVersionDate "2015.06.18"]
[SourceQuality "1"]

1. e4 e5 2. Nf3 Nc6 3. Bc4 Bc5 4. d3 h6 5. Be3 Bb6 6. Bxb6 axb6 7. Nc3 Nf6 8. 0-0 0-0 9. d4 exd4 10. Nxd4 Nxd4 11. Qxd4 d6 12. f4 Qe7 13. Rae1 Bd7 14. e5 dxe5 15. Rxe5 Qd6 16. Bd5 c6 17. b3 cxd5 18. Nxd5 Qc5 0-1

[Event "RSA-ch U08"]
[Site "Waterkloof"]
[Date "2015.04.07"]
[Round "6"]
[White "Thakersee, Akshay"]
[Black "Peter, Neathan"]
[Result "1-0"]
[WhiteElo "1041"]
[BlackElo "758"]
[PlyCount "32"]
[EventDate "2015.04.04"]
[EventType "swiss"]
[EventRounds "9"]
[EventCountry "RSA"]
[SourceTitle "CBM 166 Extra"]
[Source "ChessBase"]
[SourceDate "2015.06.18"]
[SourceVersion "1"]
[SourceVersionDate "2015.06.18"]
[SourceQuality "1"]

1. e4 e5 2. Nf3 Nc6 3. Bc4 Bc5 4. Nc3 Nf6 5. d3 d6 6. h3 h6 7. Nd5 Nxd5 8. Bxd5 0-0 9. Nh4 Qxh4 10. 0-0 Nd4 11. c3 Nb5 12. Bc4 c6 13. a4 a6 14. axb5 Qd8 15. bxa6 bxa6 16. Qf3 d5 1-0

[Event "RSA-ch U08"]
[Site "Waterkloof"]
[Date "2015.04.06"]
[Round "3"]
[White "Thakersee, Akshay"]
[Black "Vather, Shayur"]
[Result "1-0"]
[WhiteElo "1041"]
[BlackElo "1048"]
[PlyCount "97"]
[EventDate "2015.04.04"]
[EventType "swiss"]
[EventRounds "9"]
[EventCountry "RSA"]
[SourceTitle "CBM 166 Extra"]
[Source "ChessBase"]
[SourceDate "2015.06.18"]
[SourceVersion "1"]
[SourceVersionDate "2015.06.18"]
[SourceQuality "1"]

1. e4 g6 2. d4 Bg7 3. Bc4 c5 4. dxc5 Qa5+ 5. Nc3 Bxc3+ 6. bxc3 Qxc3+ 7. Bd2 Qxc4 8. Be3 Qxe4 9. Nf3 Qc4 10. Bd4 Nf6 11. Qd3 Qb4+ 12. c3 Qa5 13. 0-0 Qa6 14. Qe3 d5 15. Rfe1 Qe6 16. Qd3 Qa6 17. Qxa6 Nxa6 18. Bxf6 Rg8 19. Rxe7+ Kf8 20. Rae1 Bg4 21. Rxb7 Nxc5 22. Be7+ Kg7 23. Bxc5 Bxf3 24. gxf3 a6 25. Ree7 Rgf8 26. Ra7 Rxa7 27. Rxa7 Rc8 28. Bd4+ Kg8 29. Rxa6 h5 30. Bf6 Kh7 31. Rd6 Kh6 32. Rxd5 g5 33. Rxg5 Rc6 34. Be7 Re6 35. Bd8 Rd6 36. Rg8 Rd3 37. Ba5 Rxf3 38. Rg3 Rxg3+ 39. hxg3 Kg5 40. Kf1 Kg4 41. Ke2 f5 42. Kd3 Kf3 43. c4 Kxf2 44. c5 Kxg3 45. c6 h4 46. Be1+ Kg4 47. Bxh4 Kxh4 48. c7 f4 49. c8Q 1-0